El pago de las deudas hereditarias

Detalles Bibliográficos
Autor principal: Mingorance Gosalvez, Carmen
Formato: Desconocido
Lenguaje:español
Publicado: Madrid : Dykinson, 2004
Materias:
Acceso en línea:Acceso restringido

MARC

LEADER 00000ny a22000003n 4500
005 20110621105137.0
006 m u
007 cr cn|||||||||
008 200508r2004 sp |||||s|||||||||||spa d
020 |a 9788497723817 
035 |a 595 
040 |a FlNmELB  |c FlNmELB  |d vlex 
050 1 4 |a KKT780  |b M664 2004eb 
080 |a 347.664(460) 
090 |c 1335  |d 1335 
100 1 |a Mingorance Gosalvez, Carmen 
245 1 3 |a El pago de las deudas hereditarias  |h [Recurso electrn̤ico]  |c Carmen Mingorance Gosalvez 
256 |a Servicio en ln̕ea 
260 |a Madrid :  |b Dykinson,  |c 2004 
300 |a 250 p. ;  |c 24 cm 
504 |a Bibliografa̕: p. [241]-250 
506 1 |a Contenido solo disponible en los productos indicados  |d vLex Global  |d vLex Global (Academic Edition, excluding Law Schools)  |d vLex Global (U.S. Academic Edition, Law Schools)  |d vLex Global (U.S. Academic Edition, excluding Law Schools)  |d vLex Global (Academic Edition, Law Schools) 
650 0 7 |a Sucesorio  |2 Tesauro vLex 
650 0 7 |a Herencia  |2 Tesauro vLex 
650 0 7 |a Derecho sucesorio  |2 Tesauro vLex 
740 0 |a vLex Libros (Servicios en ln̕ea) 
856 4 0 |u http://vlex.com/source/595  |z Acceso restringido 
942 |c BOOK